Catálogo
 En Linea

Antecedentes históricos y sociológicos de la anexion a España / (Registro nro. 57703)

Detalles MARC
000 -CABECERA
campo de control de longitud fija 00956nam a2200241 i 4500
003 - IDENTIFICADOR DEL NÚMERO DE CONTROL
campo de control DO-SdBNP
005 - FECHA Y HORA DE LA ÚLTIMA TRANSACCIÓN
campo de control 20240917102726.0
007 - CAMPO FIJO DE DESCRIPCIÓN FÍSICA--INFORMACIÓN GENERAL
campo de control de longitud fija ta
008 - DATOS DE LONGITUD FIJA--INFORMACIÓN GENERAL
campo de control de longitud fija 240917s1929 dr 000 j spa d
040 ## - FUENTE DE LA CATALOGACIÓN
Centro catalogador/agencia de origen DO-SdBNP
Lengua de catalogación spa
Centro/agencia transcriptor BNPHU
Normas de descripción rda
082 ## - NÚMERO DE LA CLASIFICACIÓN DECIMAL DEWEY
Número de documento/Ítem P349
Número de edición 22
100 ## - ENTRADA PRINCIPAL--NOMBRE DE PERSONA
Nombre de persona Peña Batlle, Manuel Arturo,
Fechas asociadas al nombre 1902-1952
9 (RLIN) 8406
Término indicativo de función/relación autor
245 10 - MENCIÓN DE TÍTULO
Título Antecedentes históricos y sociológicos de la anexion a España /
Mención de responsabilidad, etc. Manuel Arturo Peña Batlle
264 #1 - PRODUCCIÓN, PUBLICACIÓN, DISTRIBUCIÓN, FABRICACIÓN Y COPYRIGHT
Producción, publicación, distribución, fabricación y copyright [República Dominicana] :
Nombre del de productor, editor, distribuidor, fabricante [editor no identificado],
Fecha de producción, publicación, distribución, fabricación o copyright [1929].
300 ## - DESCRIPCIÓN FÍSICA
Extensión [14] páginas,
Dimensiones 23 cm.
336 ## - TIPO DE CONTENIDO
Fuente rdacontent
Término de tipo de contenido texto
Código de tipo de contenido txt
337 ## - TIPO DE MEDIO
Fuente rdamedia
Nombre/término del tipo de medio sin mediación
Código del tipo de medio n
338 ## - TIPO DE SOPORTE
Fuente rdacarrier
Nombre/término del tipo de soporte volumen
Código del tipo de soporte nc
500 ## - NOTA GENERAL
Nota general Extracto extraído y encuadernado por Carlos Larrazábal Blanco. Antecedentes históricos y sociológicos de la anexión a España. El Día Estético, año 1, No. 2, Santo Domingo, 1929.
590 ## - NOTA LOCAL (RLIN)
Nota local Inventariado, 2024/ YL
910 ## - DATOS DE OPCIÓN DEL USUARIO (OCLC)
Datos de opción del usuario YLockward
942 ## - ELEMENTOS DE PUNTO DE ACCESO ADICIONAL (KOHA)
Fuente del sistema de clasificación o colocación Dewey Decimal Classification
Tipo de ítem Koha Folleto
Existencias
Estado de retiro Estado de pérdida Fuente del sistema de clasificación o colocación Restricciones de uso No para préstamo Código de colección Localización permanente Ubicación/localización actual Ubicación en estantería Fecha de adquisición Total de préstamos Signatura topográfica completa Código de barras Fecha visto por última vez Precio válido a partir de Tipo de ítem Koha Nota pública
    Dewey Decimal Classification Excluido de préstamo   Dominicana Folletos Raros y Valiosos Biblioteca Nacional Pedro Henríquez Ureña Biblioteca Nacional Pedro Henríquez Ureña En catalogación 17.09.2024   BNPHU F-RV P349 2024-5376 17.09.2024 17.09.2024 Folleto Perteneció a la biblioteca personal de Carlos Larrazábal Blanco

Con tecnología Koha